Les systémes fiscaux / (Registro nro. 7558)

Detalles MARC
000 -LEADER
fixed length control field 00706nam a2200229Ia 4500
003 - CONTROL NUMBER IDENTIFIER
control field OSt
005 - DATE AND TIME OF LATEST TRANSACTION
control field 20210414095345.0
008 - FIXED-LENGTH DATA ELEMENTS--GENERAL INFORMATION
fixed length control field 210310s1979 fr fr 000 0 fre d
040 ## - CATALOGING SOURCE
Original cataloging agency CO-JMCR
Transcribing agency CO-JMCR
041 0# - LANGUAGE CODE
Language code of text/sound track or separate title fre
082 04 - DEWEY DECIMAL CLASSIFICATION NUMBER
Classification number 336.2 /
Item number B453s
Edition number 23
100 1# - MAIN ENTRY--PERSONAL NAME
Personal name Beltrame, Pierre,
9 (RLIN) 14777
Relator term autor
245 14 - TITLE STATEMENT
Title Les systémes fiscaux /
Statement of responsibility, etc. Pierre Beltrame
250 ## - EDITION STATEMENT
Edition statement Segunda edición
260 ## - PUBLICATION, DISTRIBUTION, ETC.
Place of publication, distribution, etc. Paris :
Name of publisher, distributor, etc. Presses Universitaires de France,
Date of publication, distribution, etc. 1979
300 ## - PHYSICAL DESCRIPTION
Other physical details 126 páginas ;
Dimensions 18 cm.
490 0# - SERIES STATEMENT
Series statement que sais-je?
504 ## - BIBLIOGRAPHY, ETC. NOTE
Bibliography, etc. note Bibliografía: página [127]
505 0# - FORMATTED CONTENTS NOTE
Formatted contents note Typologie des systemes fiscaux -- Analyse des systemes fiscaux
650 14 - SUBJECT ADDED ENTRY--TOPICAL TERM
Topical term or geographic name entry element Impuestos
9 (RLIN) 14779
Geographic subdivision Francia
942 ## - ADDED ENTRY ELEMENTS (KOHA)
Source of classification or shelving scheme Dewey Decimal Classification
Koha item type Books
Existencias
Withdrawn status Lost status Source of classification or shelving scheme Damaged status Not for loan Collection code Home library Current library Date acquired Source of acquisition Full call number Barcode Date last seen Copy number Koha item type
    Dewey Decimal Classification     Non-fiction Biblioteca Pública José María del Castillo y Rada Biblioteca Pública José María del Castillo y Rada 04/15/2018 Donación 336.2 / B453s 430004517 05/16/2024 Ej.1 Books